[Event "Olympiad-42"]
[Site "Baku"]
[Date "2016.09.08"]
[Round "6.4"]
[White "Hassan, Abubaker Ali"]
[Black "Hernandez, Mauricio Daniel"]
[Result "1/2-1/2"]
[WhiteElo "2167"]
[BlackElo "2027"]
[PlyCount "130"]
[EventDate "2016.09.02"]
[EventType "team-swiss"]
[EventRounds "11"]
[EventCountry "AZE"]
[SourceTitle "CBM 175"]
[Source "ChessBase"]
[SourceDate "2016.11.10"]
[SourceVersion "1"]
[SourceVersionDate "2016.11.10"]
[SourceQuality "1"]
[WhiteTeam "Sudan"]
[BlackTeam "El Salvador"]
[WhiteTeamCountry "SUD"]
[BlackTeamCountry "ESA"]

1. e4 e5 2. Nf3 Nc6 3. Bc4 Bc5 4. 0-0 Nf6 5. d3 0-0 6. Nc3 h6 7. h3 a6 8. Re1 d6 9. Be3 Nd4 10. Bxd4 Bxd4 11. Nxd4 exd4 12. Ne2 c5 13. Nf4 Re8 14. c3 dxc3 15. bxc3 g5 16. Nh5 Be6 17. Ng3 Nd7 18. Bxe6 fxe6 19. d4 cxd4 20. cxd4 Qf6 21. Rb1 Rab8 22. Qa4 Nf8 23. Rb6 Qe7 24. Nh5 Red8 25. Reb1 Qf7 26. Qd1 Ng6 27. Qg4 Kh8 28. R1b2 Nf4 29. Nxf4 gxf4 30. Qh4 Kh7 31. Qg4 Rg8 32. Qf3 Rg7 33. Rxd6 b5 34. e5 Rbg8 35. Qe4+ Kh8 36. f3 Qh5 37. Kf1 Rxg2 38. Rd7 Rg1+ 39. Ke2 Qg6 40. Qxg6 R8xg6 41. Kd3 Re1 42. Re2 Rxe2 43. Kxe2 Rg2+ 44. Kd3 Rxa2 45. d5 Ra3+ 46. Ke4 Ra4+ 47. Kd3 Ra3+ 48. Kd4 exd5 49. Kxd5 Kg8 50. Ke6 Rxf3 51. Kf6 Re3 52. Rd8+ Kh7 53. Rd7+ Kg8 54. Rd8+ Kh7 55. Rd4 a5 56. e6 b4 57. Rd7+ Kg8 58. Rd8+ Kh7 59. Ra8 b3 60. Rxa5 f3 61. Ra7+ Kg8 62. Ra8+ Kh7 63. Ra7+ Kg8 64. Ra8+ Kh7 65. Ra7+ Kg8 1/2-1/2

[Event "Pan American-ch U20"]
[Site "San Salvador"]
[Date "2015.07.18"]
[Round "4"]
[White "Husbands, Orlando"]
[Black "Hernandez, Mauricio Daniel"]
[Result "0-1"]
[WhiteElo "2234"]
[BlackElo "1926"]
[PlyCount "62"]
[EventDate "2015.07.16"]
[EventType "swiss"]
[EventRounds "9"]
[EventCountry "ESA"]
[SourceTitle "EXT 2016"]
[Source "ChessBase"]
[SourceDate "2015.10.08"]
[SourceVersion "1"]
[SourceVersionDate "2015.10.08"]
[SourceQuality "1"]

1. e4 e5 2. Nf3 Nc6 3. d4 exd4 4. Nxd4 Bc5 5. Be3 Qf6 6. c3 Nge7 7. Bc4 Qg6 8. 0-0 0-0 9. Nd2 Kh8 10. f4 f5 11. e5 d6 12. Kh1 dxe5 13. fxe5 Nxe5 14. Nxf5 Bxf5 15. Bxc5 Nxc4 16. Nxc4 Rfd8 17. Qf3 Be4 18. Qf2 Nc6 19. Ne3 h6 20. Rad1 Ne5 21. Qh4 Rxd1 22. Rxd1 Nd3 23. Ba3 Re8 24. Rf1 c5 25. h3 Bc6 26. Ng4 Re2 27. Rg1 Nf4 28. Qd8+ Kh7 29. Qd1 Nxg2 30. Kh2 Qe4 31. Qd6 Nh4+ 0-1